000 00538nam a2200181Ia 4500
999 _c417
_d417
003 OSt
005 20210910111102.0
008 190216s9999||||xx |||||||||||||| ||und||
040 _coclc
082 _a297
_bALS/H
100 _aAl Shafi, Ibn Ad Deebah As Shaibani
_98831
245 0 _aHadaik Al Anwaru /
_cIbn Ad Deebah As Shaibani Al Shafi
250 _aVol - 2
260 _bSahib Al Sumu Al Sheikh Khalif Bin Hamad Al Thani,
300 _a1408p
650 _aArabic
942 _cBK
_2ddc
_h297
_iALS/H
_k297
_mALS/H